Eastern Utah Libraries Catalog: Duchesne, Heber, Roosevelt, & Vernal

Enchanted palace / (Record no. 190616)

MARC details
000 -LEADER
fixed length control field 01509nam a2200373 i 4500
001 - CONTROL NUMBER
control field BK0013569027
005 - DATE AND TIME OF LATEST TRANSACTION
control field 20241220161200.0
008 - FIXED-LENGTH DATA ELEMENTS--GENERAL INFORMATION
fixed length control field 140120r20142012nyua j 000 1 eng d
010 ## - LIBRARY OF CONGRESS CONTROL NUMBER
LC control number bl2014002749
020 ## - INTERNATIONAL STANDARD BOOK NUMBER
International Standard Book Number 9780545535533 : PAP
Terms of availability $4.99
020 ## - INTERNATIONAL STANDARD BOOK NUMBER
International Standard Book Number 0545535530 : PAP
Terms of availability $4.99
037 ## - SOURCE OF ACQUISITION
Source of stock number/acquisition Scholastic Paperbacks, Po Box 7502, Jefferson City, MO, USA, 65102
Note SAN 860-0023
040 ## - CATALOGING SOURCE
Original cataloging agency NjBwBT
Language of cataloging eng
Transcribing agency NjBwBT
Description conventions rda
050 14 - LIBRARY OF CONGRESS CALL NUMBER
Classification number PZ7.B22632
Item number En 2014
082 04 - DEWEY DECIMAL CLASSIFICATION NUMBER
Classification number [Fic]
Edition number 23
092 ## - LOCALLY ASSIGNED DEWEY CALL NUMBER (OCLC)
Classification number FIC
092 ## - LOCALLY ASSIGNED DEWEY CALL NUMBER (OCLC)
Classification number J BANKS
100 1# - MAIN ENTRY--PERSONAL NAME
Personal name Banks, Rosie
Titles and other words associated with a name (Children's fiction writer)
Relator term author.
9 (RLIN) 6530591
245 10 - TITLE STATEMENT
Title Enchanted palace /
Statement of responsibility, etc Rosie Banks.
260 ## - PUBLICATION, DISTRIBUTION, ETC. (IMPRINT)
Name of publisher, distributor, etc Scholastic Paperbacks
Date of publication, distribution, etc 2014
264 #1 - Production, Publication, Distribution, Manufacture, and Copyright Notice.
Place of production, publication, distribution, manufacture New York, NY :
Name of producer, publisher, distributor, manufacturer Scholastic Inc.,
Date of production, publication, distribution, manufacture, or copyr [2014]
300 ## - PHYSICAL DESCRIPTION
Extent 107 pages :
Other physical details illustrations ;
Dimensions 20 cm.
336 ## - Content Type
Content type term text
337 ## - Media type
Media type term unmediated
338 ## - Carrier type
Carrier type term volume
490 1# - SERIES STATEMENT
Series statement Secret kingdom ;
Volume number/sequential designation 1
520 ## - SUMMARY, ETC.
Summary, etc After finding a magic box, Ellie, Summer, and Jasmine are whisked away to a fantasy world where they must help Trixi the pixie find six dangerous thunderbolts hidden by the land's evil queen.
650 #1 - SUBJECT ADDED ENTRY--TOPICAL TERM
Topical term or geographic name as entry element Fairies
Form subdivision Fiction.
9 (RLIN) 5673692
650 #1 - SUBJECT ADDED ENTRY--TOPICAL TERM
Topical term or geographic name as entry element Magic
Form subdivision Fiction.
9 (RLIN) 5673694
650 #1 - SUBJECT ADDED ENTRY--TOPICAL TERM
Topical term or geographic name as entry element Fantasy.
775 08 - OTHER EDITION ENTRY
Display text Reproduction of (manifestation):
775 08 - OTHER EDITION ENTRY
Main entry heading Banks, Rosie (Children's fiction writer)
Title Enchanted palace
Place, publisher, and date of publication London : Orchard, 2012
International Standard Book Number 9781408323649
800 1# - SERIES ADDED ENTRY--PERSONAL NAME
Personal name Banks, Rosie
Titles and other words associated with a name (Children's fiction writer)
Title of a work Secret kingdom ;
Volume/sequential designation 1.
9 (RLIN) 6530592
Holdings
Withdrawn status Lost status Source of classification or shelving scheme Damaged status Not for loan Collection code Home library Current library Shelving location Date acquired Source of acquisition Cost, normal purchase price Total Checkouts Total Renewals Full call number Barcode Date last seen Date checked out Cost, replacement price Price effective from Koha item type
    Dewey Decimal Classification     Junior Fiction Wasatch County Library Wasatch County Library Main Floor Junior Area 03/24/2014 Amazon 4.99 37 20 J Banks 34301001178963 11/08/2025 10/29/2025 4.99 03/20/2020 BOOK
This project was made possible through a grant from the Institute of Museum and Library Service administered by the Utah State Library Division.

Wasatch County Library

  • 465 East 1200 South, Heber City, Utah 84032
  • Phone 435-654-1511 | Fax 435-654-6456

Hours

  • Monday - Friday 9:30 AM - 8:00 PM
  • Saturday 9:30 AM - 1:30 PM
  • Closed Sundays and Holidays